| 000 | 00633cam a2200193 4500 | ||
|---|---|---|---|
| 001 | ABS62196 | ||
| 008 | 000000n2000 000 0 eng u | ||
| 035 | _a(Sirsi) u105513 | ||
| 100 | _aHanson, M. | ||
| 245 | _a'Input' or 'output' specificiations for facilities management contracts? | ||
| 260 | _c2000 | ||
| 490 |
_aConstruction Law Bulletin _vWinter 1999/2000, 18-20(2) |
||
| 520 | _aDiscusses the pros and cons of input and output specifications in facilities management contracts. | ||
| 590 | _aABS | ||
| 650 |
_aContracts _96232 |
||
| 650 | 0 | _aSPECIFICATIONS | |
| 690 | _aMANAGEMENT-FACILITIES MANAGEMENT | ||
| 942 | _n0 | ||
| 999 |
_c63220 _d63220 |
||